000
00308nam a22001337a 4500
003
SGT
082
_a
658.3,AQU
100
_a
AQUINAS,P.G
245
_a
ESSENTIALS OF ORGANISATION BEHAVIOUR
260
_a
NEW DELHI
_b
EXCEL BOOKS
_c
2009
300
_a
277
650
_a
HUMAN RESOURCES MANAGEMENT
942
_2
ddc
_c
BK
999
_c
9556
_d
9556